Score 0/12 Timer 02:00
1 Play Today
Question Answer Wrong Answers
Brasília Brazil
95.7%
Bolivia
0.9%
Argentina
0.5%
Suriname
0.5%
Buenos Aires Argentina
94.9%
Chile
0.7%
Brazil
1.6%
Paraguay
0.4%
Lima Peru
94.8%
Chile
1.5%
Bolivia
0.6%
Ecuador
0.6%
Santiago Chile
93.5%
Argentina
1.5%
Bolivia
1.2%
Paraguay
1.4%
Caracas Venezuela
90.5%
Suriname
1.9%
Guyana
1.5%
Colombia
3.6%
Bogotá Colombia
88.6%
Bolivia
5.6%
Venezuela
2.3%
Peru
1.1%
Quito Ecuador
87.7%
Peru
3.9%
Colombia
1.6%
Bolivia
4.3%
La Paz Bolivia
84%
Paraguay
4.8%
Ecuador
6.3%
Uruguay
2.3%
Montevideo Uruguay
82.3%
Paraguay
9.8%
Argentina
1.6%
Bolivia
3.9%
Paramaribo Suriname
81.1%
Guyana
11.8%
Venezuela
2.7%
Colombia
1.7%
Georgetown Guyana
80.5%
Suriname
12.6%
Colombia
2.7%
Uruguay
1.8%
Asunción Paraguay
79.7%
Uruguay
10%
Argentina
1.5%
Bolivia
6.3%
Remove Ads.
Support Sporcle.
Get the best of Sporcle when you Go Orange. This ad-free experience offers more features, more stats, and more fun while also helping to support Sporcle. Thank you for becoming a member.

You're not logged in!

Compare scores with friends on all Sporcle quizzes.
OR
Log In

Show Comments

Extras

Top Quizzes Today


Score Distribution

Your Account Isn't Verified!

In order to create a playlist on Sporcle, you need to verify the email address you used during registration. Go to your Sporcle Settings to finish the process.

Report this User

Report this user for behavior that violates our Community Guidelines.

Details: